Pasapalabra #2 - Edición Ciencia (medicina - anatomía) - Estadísticas

Estadísticas generales
  • Esta prueba ha sido intentada 488 veces
  • La puntuación promedio es 14 de 25
Estadísticas de respuestas
Letra respuesta Definición % Correcto
F Falange Cada uno de los huesos de los dedos, distinguiéndose con los adjetivos ordinales primera, segunda y tercera
88%
B Bíceps Músculo que tiene dos porciones o cabezas que puede ser braquial y femoral
86%
V Vértebra Cada uno de los huesos cortos, articulados entre sí, que forman la columna vertebral
84%
J (intercalada) Ojo Órgano que detecta la luz y es la base del sentido de la vista
83%
R Riñón Órgano doble situado en la región lumbar que filtra la sangre formando y eliminando la orina
83%
U Útero Órgano huevo, situado en el interior de la pelvis de la mujer, donde se produce la hemorragia menstrual y se desarrolla el feto hasta el momento del parto
83%
Ñ (intercalada) Uña Lámina córnea y dura de los dedos
82%
T Tráquea Parte de las vías respiratorias que va desde la laringe a los bronquios, de carácter cartilaginoso y membranoso
78%
D Deltoides Músculo propio de los mamíferos, de forma triangular, que en el hombre va desde la clavícula al omóplato y cubre la articulación de este con el húmero
76%
M Miocardio Parte musculosa del corazón de los vertebrados, situada entre el pericardio y el endocardio
76%
X (intercalada) Cóxis Hueso propio de los vertebrados que carecen de cola, formado por la unión de las últimas vértebras y articulado por su base con el hueso sacro
74%
I Ingle Parte del cuerpo en que se junta el muslo con el vientre
73%
N Nervio Conjunto de fibras en forma de cordón blanquecino, que conducen impulsos entre el sistema nervioso central y otras partes del cuerpo
72%
P Párpado Cada una de las membranas movibles, cubiertas de piel y con armazón cartilaginosa, que sirven para resguardar el ojo
72%
Y Yunque Uno de los tres huesecillos que hay en la parte media del oído
72%
A Alvéolo Fosa, cavidad o dilatación sacciforme de pequeño tamaño que puede ser tanto dental como pulmonar
56%
C Cóclea Cavidad cónica del oído interno constituida por un conducto en forma helicoidal dividido por la lámina espiral en dos rampas o escaleras, vestibular y timpánica.
46%
S Sigmoide Porción del intestino grueso en forma de "S", situada entre el colon descendente y el recto
44%
Q Quiasma Parte de las vías ópticas que corresponde a un entrecruzamiento en X de las fibras provenientes de las cintas ópticas
38%
L Leptomeninge Las meninges piamadre y la aracnoides en conjunto
22%
G Glabela Eminencia ósea situada en el centro de la parte inferior del hueso frontal, en el punto de convergencia de los arcos superciliares
19%
H Hipofaringe Porción más baja de la faringe; es la región anatómica donde comunica la garganta con el esófago
19%
Z Zónula Estructura fibrosa en forma de anillo que forma el ligamento que sujeta el cristalino
13%
E Eponiquio Reborde delgado del epitelio cornificado en la base de la uña
9%
O Opistocráneo Parte posterior de la cabeza donde se une con las vértebras
1%
No se encontraron pruebas coincidentes
Distribución de puntuación
Porcentaje de gente con cada puntuación
Porcentaje por número respondido
Historial de tus puntuaciones
No has intentado esta prueba.